Joueurs qui ont joué au stade toulousain rugby - Statistiques

Statistiques générales
  • Ce quiz a été pris 849 fois
    810 depuis la dernière actualisation
  • Le résultat moyen est 9 sur 19
Answers on the Grid
Answers color-coded by a green-red scale on the quiz's grid according to % correct below.
Antoine Dupont
Yoann Huget
Antoine Hastoy
Jonathan Danty
Maxime Médard
Clement Castets
Olivier Roumat.
Serge Blanco
Thierry Devergie
Vincent Clerc
Gaël Fickou
Cyril Baille
Henri Sanz
Jack Willis
Romain Ntamack
Jean-Marc Doussain
Patrice Lagisquet
Jean-Pierre Rives
Yannick Jauzion
Émile Ntamack
Toby Flood
Imanol Harinordoquy
Thierry Dusautoir
Damian Penaud
Abdelatif Benazzi
Emmanuel Meafou
Guy Camberabero
Julien Marchand
Nicolas Durand
Richie Arnold
 
Statistiques - réponses
Réponse % Correct
Antoine Dupont
98%
Yoann Huget
80%
Maxime Médard
77%
Vincent Clerc
61%
Cyril Baille
50%
Romain Ntamack
49%
Emmanuel Meafou
48%
Julien Marchand
47%
Émile Ntamack
46%
Gaël Fickou
44%
Thierry Dusautoir
44%
Jack Willis
43%
Richie Arnold
41%
Clement Castets
37%
Yannick Jauzion
36%
Jean-Marc Doussain
34%
Imanol Harinordoquy
29%
Toby Flood
24%
Jean-Pierre Rives
20%
Aucun quiz correspondant
Distribution des résultats
% des personnes avec chaque résultat
Percentile par nombre de réponses
Votre historique - résultats
Vous n’avez pas pris ce quiz depuis la dernière actualisation